000 00658cam a22002053a 4500
001 44922
003 PGUSA
005 20140828084027.0
008 140215s2014||||xxu|||||s|||||000 | eng d
040 _aPGUSA
_beng
042 _adc
100 1 _aEggleston, George Cary,
_d1839-1911
245 1 4 _aThe Last of the Flatboats :
_bA Story of The Mississippi and its Interesting Family of Rivers
_h[electronic resource] /
_cGeorge Cary Eggleston
260 _bProject Gutenberg,
_c2014
506 _aPublic domain in the USA.
516 _aElectronic text
830 0 _aProject Gutenberg
_v44922
856 4 0 _uhttp://www.gutenberg.org/ebooks/44922
942 _cEB
999 _c274173
_d274173